|
|
|
|
| LEADER |
00000cam a2200000 4500 |
| 001 |
vtls011769307 |
| 003 |
SK-MaSNL |
| 005 |
20260301183447.0 |
| 008 |
200104s2018 xo a jr 000 p slo |
| 015 |
|
|
|a SNBA2018/08
|
| 020 |
|
|
|a 9788081612909
|q (viazané)
|
| 035 |
|
|
|a urn:nbn:sk:snk-am00d4pi
|
| 035 |
|
|
|a urn:nbn:sk:snk-am3hlml
|
| 035 |
|
|
|a 654462F9-A993-4F74-93CA-64C8B14724F3
|
| 040 |
|
|
|a SNK
|b slo
|c SNK
|e rda
|
| 041 |
0 |
|
|a slo
|h eng
|
| 044 |
|
|
|a xo
|c SK
|
| 072 |
|
7 |
|a 27-5
|x Liturgia. Kresťanské umenie a symbolika. Duchovný život
|2 konspekt
|
| 080 |
|
|
|a 2-558.3
|2 2011
|
| 080 |
|
|
|a 27-47
|2 2011
|
| 080 |
|
|
|a 27-55
|2 2011
|
| 080 |
|
|
|a 316.346.2-055.15
|2 2011
|
| 080 |
|
|
|a (093.3)
|2 2011
|
| 100 |
1 |
|
|a Piper, Sophie
|4 aut
|9 324280
|
| 245 |
1 |
0 |
|a Pamiatka na môj krst
|c Sophie Piperová ; ilustrovala Lynn Horrabinová ; z anglického originálu My Baptism Album preložila Andrea Behulová-Rajtárová
|
| 250 |
|
|
|a Druhé vydanie
|
| 264 |
|
1 |
|a Trnava
|b Spolok svätého Vojtecha - Vojtech
|c 2018
|
| 300 |
|
|
|a 64 strán
|b ilustrácie
|c 18 cm
|
| 336 |
|
|
|a text
|b txt
|2 rdacontent
|
| 337 |
|
|
|a bez média
|b n
|2 rdamedia
|
| 338 |
|
|
|a zväzok
|b nc
|2 rdacarrier
|
| 650 |
0 |
7 |
|a krst
|2 SNKPH
|9 825
|
| 650 |
0 |
7 |
|a kresťanská výchova
|2 SNKPH
|9 63301
|
| 650 |
0 |
7 |
|a sviatosti
|2 SNKPH
|9 755
|
| 650 |
0 |
7 |
|a Baptism
|2 SNKPHeng
|9 327533
|
| 650 |
0 |
7 |
|a Christian education
|2 SNKPHeng
|9 282634
|
| 650 |
0 |
7 |
|a Sacraments
|2 SNKPHeng
|9 277814
|
| 650 |
0 |
7 |
|a chlapci
|2 SNKPH
|9 776
|
| 650 |
0 |
7 |
|a Boys
|2 SNKPHeng
|9 327815
|
| 655 |
|
7 |
|a pamätníky (knihy)
|2 SNKPH
|9 249900
|
| 655 |
|
7 |
|a Autograph albums
|2 SNKPHeng
|9 301877
|
| 700 |
1 |
|
|a Horrabin, Lynn
|4 ill
|9 489765
|
| 700 |
1 |
|
|a Behulová-Rajtárová, Andrea
|4 trl
|9 359260
|
| 919 |
|
|
|a 978-80-8161-290-9
|
| 958 |
|
|
|a LX
|
| 958 |
|
|
|a UP
|
| 968 |
|
|
|b ENG
|
| 999 |
|
|
|c 857083
|d 859013
|
| 952 |
|
|
|a SNK
|b SNK
|y PREZ
|7 0
|p 17A1334219
|o snkSD 87493
|i snk2018/16024
|8 0
|0 0
|1 0
|4 0
|d 2018-07-26
|f 1
|l 0
|r 2026-02-24 05:00:44
|w 2026-02-24
|
| 952 |
|
|
|a SNK
|b SNK
|y VYP
|7 0
|p 17A1334220
|o snkSD 87493 D1
|i snk2018/16025
|8 0
|0 0
|1 0
|4 0
|d 2018-07-26
|l 0
|r 2026-02-24 05:00:44
|w 2026-02-24
|